000 00760nam a22001817a 4500
005 2012041104014.0
020 _c130.00
_a
035 _aA-986554
037 _b
_adpl
082 _a355.033054
100 _aरघुराज मोहन
_944949
245 1 _aपरमाणु शक्ति भारत /
_cरघुराज मोहन
260 _aदिल्ली
_bदिल्ली पुस्तक सदन
_c1999
270 _a
_b
_e
_k
300 _a120पृ.
_c22सेमी (सजिल्द)
942 _adpl
_cHN
_k
_2ddc
_h355.033054
_mरघुरा
999 _c64846
_d64846